| 000 | 00381pab a2200157 454500 | ||
|---|---|---|---|
| 008 | 180718b1985 xxu||||| |||| 00| 0 eng d | ||
| 100 | _aSadasivan, S.N. | ||
| 245 | _aDynamics of public policy | ||
| 260 | _c1985 | ||
| 300 | _ap.1204-1220. | ||
| 362 | _aOct-Dec | ||
| 650 | _aPublic policy | ||
| 773 | _aIndian Journal of Public Administration | ||
| 908 | _aN | ||
| 909 | _a16707 | ||
| 999 |
_c16707 _d16707 |
||